000 00444nam a22001817a 4500
003 OSt
005 20180116183005.0
008 150806b xxu||||| |||| 00| 0 eng d
020 _a9788131727874
040 _c0
082 _a658.1508 BER 2013
100 _aJonathan Berk
245 _aFinancial Management
_cJonathan Berk
260 _aIndia
_bPearson
_c2013
300 _a984 p.
_bPB
440 _aFinancial Management
942 _2ddc
_cBK
999 _c350023
_d350023